[Event "Lleida-ch"]
[Site "Bellcaire"]
[Date "2016.11.20"]
[Round "8"]
[White "Argerich Farras, Jose"]
[Black "Llavall Sans, Daniel"]
[Result "0-1"]
[WhiteElo "2083"]
[BlackElo "2116"]
[PlyCount "94"]
[EventDate "2016.10.02"]
[EventType "swiss"]
[EventRounds "9"]
[EventCountry "ESP"]
[SourceTitle "EXT 2018"]
[Source "ChessBase"]
[SourceDate "2017.10.13"]
[SourceVersion "1"]
[SourceVersionDate "2017.10.13"]
[SourceQuality "1"]

1. Nf3 d5 2. d4 Nf6 3. Bf4 c6 4. c3 Bf5 5. Qb3 Qb6 6. Nbd2 Nbd7 7. h3 h6 8. e3 e6 9. Be2 Be7 10. 0-0 0-0 11. c4 Rfe8 12. Rfc1 Rac8 13. c5 Qxb3 14. axb3 a6 15. b4 Bd8 16. g4 Bh7 17. Ne5 Nxe5 18. Bxe5 Nd7 19. Bh2 e5 20. Nb3 exd4 21. Nxd4 Bf6 22. Rd1 Nf8 23. Bd3 Bxd4 24. Bxh7+ Kxh7 25. Rxd4 Ne6 26. Rd3 Ng5 27. Kg2 Re4 28. f4 Ne6 29. f5 Ng5 30. Ra4 Rce8 31. Bf4 Rc4 32. Bxg5 hxg5 33. Kf3 Ree4 34. Rb3 g6 35. fxg6+ Kxg6 36. Kf2 Kf6 37. Kf3 Ke6 38. Kf2 Kd7 39. Kf3 Kc7 40. Kf2 Rxc5 41. Rc3 Rcc4 42. Ra1 Rxb4 43. b3 Kd6 44. Kg3 f6 45. Rf1 Ke6 46. Kf3 Rb5 47. Ra1 Reb4 0-1

[Event "Lleida Regional-ch"]
[Site "Lleida"]
[Date "2015.09.27"]
[Round "1"]
[White "Badia Torra, Jaume"]
[Black "Argerich Farras, Jose"]
[Result "1/2-1/2"]
[WhiteElo "2006"]
[BlackElo "2160"]
[PlyCount "88"]
[EventDate "2015.09.27"]
[EventType "swiss"]
[EventRounds "9"]
[EventCountry "ESP"]
[SourceTitle "EXT 2017"]
[Source "ChessBase"]
[SourceDate "2016.10.25"]
[SourceVersion "1"]
[SourceVersionDate "2016.10.25"]
[SourceQuality "1"]

1. c4 Nf6 2. Nc3 e6 3. g3 d5 4. Bg2 c6 5. cxd5 exd5 6. d4 Bf5 7. Nf3 Ne4 8. 0-0 Nxc3 9. bxc3 Be4 10. Qb3 Qb6 11. Ne5 Bxg2 12. Kxg2 f6 13. Nd3 Nd7 14. Bf4 Qxb3 15. axb3 a6 16. Rfe1 Kf7 17. e4 dxe4 18. Rxe4 Re8 19. Rae1 Rxe4 20. Rxe4 Be7 21. f3 Re8 22. Nf2 Bf8 23. Rxe8 Kxe8 24. h4 Nb6 25. c4 Kd7 26. g4 a5 27. c5 Nd5 28. Bd2 Be7 29. Bxa5 g6 30. Bd2 Ke6 31. Kg3 Nc7 32. Be3 Nd5 33. Bd2 Nc7 34. Nd3 Nd5 35. f4 Bd8 36. Kf3 Be7 37. Nf2 h5 38. g5 Nc7 39. Ke4 Nb5 40. Nd1 Bd8 41. Ne3 f5+ 42. Kd3 Bc7 43. Nc4 Bb8 44. b4 Bc7 1/2-1/2

[Event "Lleida Province-ch"]
[Site "Tornabous"]
[Date "2014.11.30"]
[Round "9"]
[White "Solani Nunez, Joshua"]
[Black "Argerich Farras, Jose"]
[Result "1-0"]
[WhiteElo "2183"]
[BlackElo "2171"]
[PlyCount "61"]
[EventDate "2014.10.05"]
[EventType "swiss"]
[EventRounds "9"]
[EventCountry "ESP"]
[SourceTitle "EXT 2016"]
[Source "ChessBase"]
[SourceDate "2015.10.08"]
[SourceVersion "1"]
[SourceVersionDate "2015.10.08"]
[SourceQuality "1"]

1. d4 d5 2. c4 Nc6 3. Nf3 Bg4 4. e3 e5 5. dxe5 dxc4 6. Nbd2 Nxe5 7. Qa4+ Bd7 8. Qc2 Nd3+ 9. Bxd3 cxd3 10. Qxd3 Bc6 11. Qc3 Qf6 12. 0-0 Qxc3 13. bxc3 0-0-0 14. Nd4 Be8 15. Ne4 h6 16. h3 a6 17. a4 b6 18. a5 c5 19. Ba3 Nf6 20. Nxf6 gxf6 21. Nf5 Bd7 22. Ng3 Bb5 23. Rfb1 Bd6 24. axb6 Be5 25. Bxc5 Bxc3 26. Ra3 Be5 27. f4 Bb8 28. Be7 Rd2 29. Ne4 Rd7 30. Rc3+ Bc7 31. Nd6+ 1-0

[Event "Lleida Province-ch"]
[Site "Tornabous"]
[Date "2014.10.19"]
[Round "3"]
[White "Argerich Farras, Jose"]
[Black "Llavall Sans, Daniel"]
[Result "1/2-1/2"]
[WhiteElo "2171"]
[BlackElo "2257"]
[PlyCount "84"]
[EventDate "2014.10.05"]
[EventType "swiss"]
[EventRounds "9"]
[EventCountry "ESP"]
[SourceTitle "CBM 163 Extra"]
[Source "ChessBase"]
[SourceDate "2014.12.23"]
[SourceVersion "1"]
[SourceVersionDate "2014.12.23"]
[SourceQuality "1"]

1. Nf3 d5 2. d4 Nf6 3. Bf4 c5 4. c3 Qb6 5. Qb3 Nc6 6. Nbd2 c4 7. Qxb6 axb6 8. e3 b5 9. a3 b4 10. cxb4 Nxb4 11. Rc1 Nc6 12. Be2 Bg4 13. h3 Bxf3 14. Bxf3 e6 15. 0-0 Be7 16. Bg5 Ne4 17. Nxe4 dxe4 18. Bxe7 exf3 19. Bc5 fxg2 20. Kxg2 b5 21. Rc3 Na5 22. a4 bxa4 23. Bb4 Kd7 24. Bxa5 Rxa5 25. Rxc4 Rb8 26. Ra1 Rxb2 27. Raxa4 Rbb5 28. Rxa5 Rxa5 29. f4 Ra2+ 30. Kf3 Rd2 31. Rc5 f5 32. Ra5 Ke7 33. Ra8 Kf7 34. Rh8 h6 35. Rd8 Ke7 36. Rg8 Kf7 37. Rd8 h5 38. Rh8 g6 39. Rh7+ Kf6 40. Rh8 Ke7 41. Rg8 Kf7 42. Rh8 Kg7 1/2-1/2

[Event "Balaguer op 17th"]
[Site "Balaguer"]
[Date "2012.06.23"]
[Round "8"]
[White "Casas Torres, Pau"]
[Black "Argerich Farras, Jose"]
[Result "0-1"]
[WhiteElo "1611"]
[BlackElo "2133"]
[PlyCount "57"]
[EventDate "2012.06.16"]
[EventType "swiss"]
[EventRounds "9"]
[EventCountry "ESP"]
[SourceTitle "EXT 2013"]
[Source "ChessBase"]
[SourceDate "2012.11.22"]
[SourceVersion "1"]
[SourceVersionDate "2012.11.22"]
[SourceQuality "1"]

1. e4 d6 2. d4 Nf6 3. f3 c6 4. c4 Nbd7 5. Nc3 e5 6. d5 c5 7. Be3 Be7 8. Qd2 Qa5 9. Nb5 Qxd2+ 10. Bxd2 Kd8 11. Nh3 h6 12. g4 a6 13. g5 hxg5 14. Nxg5 Rf8 15. Na3 Nh5 16. Nh3 Bh4+ 17. Kd1 Ndf6 18. Rg1 g6 19. Bg5 Bxg5 20. Nxg5 Nf4 21. Nc2 Ke7 22. Rh1 N6h5 23. h4 Ng3 24. Rg1 Nxf1 25. Rxf1 Rh8 26. Rh1 Bd7 27. Ne3 Rh5 28. Kd2 Rah8 29. Nh3 0-1

[Event "Balaguer op 17th"]
[Site "Balaguer"]
[Date "2012.06.18"]
[Round "3"]
[White "Argerich Farras, Jose"]
[Black "Ferrer Font, Jordi"]
[Result "1/2-1/2"]
[WhiteElo "2133"]
[BlackElo "1804"]
[PlyCount "52"]
[EventDate "2012.06.16"]
[EventType "swiss"]
[EventRounds "9"]
[EventCountry "ESP"]
[SourceTitle "EXT 2013"]
[Source "ChessBase"]
[SourceDate "2012.11.22"]
[SourceVersion "1"]
[SourceVersionDate "2012.11.22"]
[SourceQuality "1"]

1. Nf3 d5 2. d4 Nf6 3. Bf4 e6 4. c4 Be7 5. Nc3 Nbd7 6. e3 0-0 7. c5 c6 8. b4 b6 9. Qa4 Bb7 10. Rb1 Nh5 11. Bg3 f5 12. Bd3 Nxg3 13. hxg3 Nf6 14. Ne5 Qc7 15. f3 Rfb8 16. Kf2 bxc5 17. bxc5 Bxc5 18. f4 Bd6 19. Rbc1 c5 20. Nb5 Qe7 21. Nxd6 Qxd6 22. dxc5 Qc7 23. c6 Bc8 24. Rc2 Rb6 25. Rhc1 Rab8 26. Qd4 Ba6 1/2-1/2

[Event "Balaguer op 17th"]
[Site "Balaguer"]
[Date "2012.06.17"]
[Round "2"]
[White "Mellado Trivino, Juan"]
[Black "Argerich Farras, Jose"]
[Result "1-0"]
[WhiteElo "2444"]
[BlackElo "2133"]
[PlyCount "60"]
[EventDate "2012.06.16"]
[EventType "swiss"]
[EventRounds "9"]
[EventCountry "ESP"]
[SourceTitle "EXT 2013"]
[Source "ChessBase"]
[SourceDate "2012.11.22"]
[SourceVersion "1"]
[SourceVersionDate "2012.11.22"]
[SourceQuality "1"]

1. e4 d6 2. d4 Nf6 3. Nc3 e5 4. Nf3 Nbd7 5. Bc4 h6 6. 0-0 Be7 7. dxe5 dxe5 8. Qe2 c6 9. Nh4 Nb6 10. Bb3 Bc5 11. Qf3 Qe7 12. h3 Bd7 13. a4 a5 14. Be3 Bxe3 15. Qxe3 Nc8 16. Rad1 Be6 17. Bxe6 Qxe6 18. Nf5 0-0 19. Qg3 Ne8 20. Rd8 Qf6 21. Rfd1 Nc7 22. R8d7 Ne6 23. Rxb7 Nd4 24. Nxd4 exd4 25. e5 Qd8 26. Ne4 Ne7 27. Rd7 Kh8 28. Nf6 Nc8 29. Ne4 Ra7 30. Rb7 Kg8 1-0